000 01015nam0a2200313 i 4500
001 RU\NLR\BIBL_A\010476202
005 20260406010710.0
010 _a9785227054609
_91500
021 _aRU
_b2015-22201
_91325
021 _aRU
_b2014-57690
_93496
035 _a(NILC)RuMoRGB-007530166
035 _a(NLR Aleph) 010476202
090 _a10045288
_c10045288
100 _a20141014d2014 u y0rusy50 ca
101 1 _arus
_ceng
102 _aRU
105 _ay|||z|||000ay
200 1 _aДар мертвеца
_e[детективный] роман
_fЧарлз Тодд
_g[пер. с англ. А.В. Кровяковой]
210 _aМосква
_cЦентрполиграф
_d2014
215 _a350 с.
_d21
333 _a16+
686 1 _aШ6(4Вл)67-446(Лх1299-60)
700 1 _7ca
_8rus
_aТодд
_bЧ.
_gЧарлз
_999088
_3RU\NLR\AUTH\77116163
801 0 _aRU
_bРГБ
_c20140805
_gRCR
942 _cBOOK
980 _aNBR